Rewolucja Francuska - Statystyki

Ogólne statystyki
  • Ten quiz został rozwiązany 4 razy
  • Średni wynik to 4 z 23
Statystyki odpowiedzi
Hint Odpowiedź % Poprawnych
Zdobycie Bastyli 14 lipca
100%
Na czele Jakobinów Maximilien de Robespierre
75%
Tak zwany "stary ład" Ancien Régime
50%
Pierwszy Konsul Napoleon
50%
17 czerwca czym ogłosił się stan trzeci Zgromadzeniem Narodowym
50%
Kiedy zgromadzenie narodowe ogłosiło się konstytuantą 9 lipca
25%
Kto napisał Pamflet "Co to jest stan trzeci?" Emmanuel Joseph Sieyès
25%
Drugi Konsul Emmanuel-Joseph Sieyès
25%
Gwardia Narodowa dowódca Marie Joseph De la Fayette
25%
Wojna z 1 koalicją antyfrancuską 1792-1797
0%
Zniesienie Monarchii ( dzień później proklamowanie republiki ) 21 września 1792
0%
Deklaracja Praw Człowieka i Obywatela 26 sierpnia
0%
Przewrót Termidoriański 27 lipca ( 9 thermidora) 1974
0%
Kiedy podpisano Konstytucje 3 września 1791
0%
Zamach 18 brumaire 9 listopada 1799
0%
Zatrzymanie ofensywy sił austriackich Bitwa pod Valmy
0%
Powstanie w Wandei hasło Bóg i Król
0%
Przewrót Jakobiński czerwiec 1793
0%
Organy Władzy Jakobinów Komitet ocalenie publicznego, Komitet Bezpieczeństwa publicznego, Trybunał Rewolucyjny
0%
Wprowadzenie Kultu najwyższej istoty maj 1794
0%
Trzeci Konsul Roger Comte de Ducos
0%
Egzekucja Króla Francji na rozkaz Konwentu Narodowego styczeń 1793
0%
nazwa na serię wystąpień chłopskich przeciwko systemowi feudalnemu Wielka Trwoga
0%
Nie znaleziono quizów pasujących do podanych kryteriów
Rozkład punktacji
Procent ludzi z każdym wynikiem
Percentyl według liczby udzielonych odpowiedzi
Twoja historia wyników
Nie rozwiązałeś tego quizu